6111 sayılı bazı alacakların yeniden yapılandırması ile sosyal sigortalar ve genel sağlık sigortası kanunu ve diğer bazı kanun ve kanun hükmünde kararnamelerde değişiklik yapılması hakkında kanun ve 6215 sayılı bazı kanunlarda değişiklik yapılmasına dair kanun (Record no. 200421256)

MARC details
000 -LEADER
fixed length control field 01113 a2200277 4500
001 - CONTROL NUMBER
control field 200421256
003 - CONTROL NUMBER IDENTIFIER
control field TR-AnTOB
005 - DATE AND TIME OF LATEST TRANSACTION
control field 20241129155055.0
008 - FIXED-LENGTH DATA ELEMENTS--GENERAL INFORMATION
fixed length control field 150205b tu 000 0
020 ## - INTERNATIONAL STANDARD BOOK NUMBER
International Standard Book Number 9789756807781
040 ## - CATALOGING SOURCE
Original cataloging agency TR-AnTOB
Language of cataloging tur
Description conventions rda
Transcribing agency TR-AnTOB
041 0# - LANGUAGE CODE
Language code of text/sound track or separate title Türkçe
050 00 - LIBRARY OF CONGRESS CALL NUMBER
Classification number KKX1269
Item number .S29
090 ## - LOCALLY ASSIGNED LC-TYPE CALL NUMBER (OCLC); LOCAL CALL NUMBER (RLIN)
Classification number (OCLC) (R) ; Classification number, CALL (RLIN) (NR) KKX1269 .S29
245 10 - TITLE STATEMENT
Title 6111 sayılı bazı alacakların yeniden yapılandırması ile sosyal sigortalar ve genel sağlık sigortası kanunu ve diğer bazı kanun ve kanun hükmünde kararnamelerde değişiklik yapılması hakkında kanun ve 6215 sayılı bazı kanunlarda değişiklik yapılmasına dair kanun
264 ## - PRODUCTION, PUBLICATION, DISTRIBUTION, MANUFACTURE, AND COPYRIGHT NOTICE
Place of production, publication, distribution, manufacture Ankara :
Name of producer, publisher, distributor, manufacturer Mahalli İdareler Derneği,
Date of production, publication, distribution, manufacture, or copyright notice [date of publication not identified]
300 ## - PHYSICAL DESCRIPTION
Extent 223 s.;
Dimensions 15 cm.
336 ## - CONTENT TYPE
Content type term text
Source rdacontent
Content type code txt
337 ## - MEDIA TYPE
Media type term unmediated
Source rdamedia
Media type code n
338 ## - CARRIER TYPE
Carrier type term volume
Source rdacarrier
Carrier type code nc
490 0# - SERIES STATEMENT
Series statement Mahalli İdareler Derneği ;
Volume/sequential designation 79
Series statement Mevzuat Serisi ;
Volume/sequential designation 11
650 07 - SUBJECT ADDED ENTRY--TOPICAL TERM
Topical term or geographic name entry element Sosyal mevzuat
Geographic subdivision Türkiye
Source of heading or term etuturkob
9 (RLIN) 74110
Topical term or geographic name entry element Sosyal güvenlik
General subdivision Hukuk ve mevzuat
Geographic subdivision Türkiye
9 (RLIN) 103531
942 ## - ADDED ENTRY ELEMENTS (KOHA)
Koha item type Book
Source of classification or shelving scheme Library of Congress Classification
Holdings
Withdrawn status Lost status Source of classification or shelving scheme Not for loan Collection code Home library Current library Shelving location Date acquired Source of acquisition Cost, normal purchase price Serial Enumeration / chronology Inventory number Total Checkouts Total Holds Full call number Barcode Date last seen Date last checked out Copy number Cost, replacement price Date shelved Koha item type
      Ödünç Verilebilir / Available Genel Koleksiyon Merkez Kütüphane Merkez Kütüphane Genel Koleksiyon / Main Collection 05/02/2015 Bağış / Donation 0.01 1 HUK 1   KKX1269 .S29 0046046 10/11/2017 02/11/2017 1 0.01   Book
      Ödünç Verilebilir / Available Genel Koleksiyon Merkez Kütüphane Merkez Kütüphane Genel Koleksiyon / Main Collection 05/02/2015 Bağış / Donation 0.01 1 HUK     KKX1269 .S29 0046738     2 0.01   Book
Devinim Yazılım Eğitim Danışmanlık tarafından Koha'nın orjinal sürümü uyarlanarak geliştirilip kurulmuştur.